|
|
|
|
| LEADER |
00991cam a2200277 7i4500 |
| 001 |
0000033744 |
| 005 |
20230807090000.0 |
| 008 |
230807t20022002my # ### #00001eng## |
| 020 |
# |
# |
|a 9832431026
|
| 090 |
0 |
0 |
|a HF 5721
|b .I2 2002
|
| 100 |
0 |
# |
|a Ibrahim Ariff
|e author
|
| 245 |
1 |
0 |
|a How to write effective business and other letters as well as prepare essential documents :
|b (complete with Bahasa Malaysia version)
|c Ibrahim Ariff.
|
| 250 |
# |
# |
|a Second edition
|
| 264 |
# |
4 |
|c ♭2002
|
| 264 |
# |
1 |
|a Kuala Lumpur:
|b Leeds Publications,
|c 2002
|
| 300 |
# |
# |
|a vi, 302 pages;
|c 22 cm
|
| 336 |
# |
# |
|a text --
|2 rdacontent
|
| 337 |
# |
# |
|a unmediated --
|2 rdamedia
|
| 338 |
# |
# |
|a volume --
|2 rdacarrier
|
| 490 |
0 |
# |
|a Comprehensive guide series
|
| 590 |
# |
# |
|a Pusat Pengajian Pembangunan Sosial dan Ekonomi
|
| 650 |
0 |
0 |
|a Commercial correspondence
|
| 650 |
0 |
0 |
|a Business writing
|
| 650 |
0 |
0 |
|a Letter writing
|
| 830 |
# |
0 |
|a Comprehensive guide series
|
| 999 |
|
|
|a 1100018976
|b Book
|c Open Shelf
|e KOLEKSI TERBUKA
|